The happy hedgehog / (Record no. 9330)

MARC details
000 -LEADER
fixed length control field 00934nam a22002657a 4500
001 - CONTROL NUMBER
control field 9330
003 - CONTROL NUMBER IDENTIFIER
control field FISKH
005 - DATE AND TIME OF LATEST TRANSACTION
control field 20251211091939.0
008 - FIXED-LENGTH DATA ELEMENTS--GENERAL INFORMATION
fixed length control field 251211b cb ||||| |||| 00| 0 eng d
040 ## - CATALOGING SOURCE
Original cataloging agency FISKH
Language of cataloging eng
Transcribing agency FISKH
Modifying agency FISKH
050 ## - LIBRARY OF CONGRESS CALL NUMBER
Classification number PZ73 .P4919
082 ## - DEWEY DECIMAL CLASSIFICATION NUMBER
Classification number 833.914
100 ## - MAIN ENTRY--PERSONAL NAME
Personal name Pfister, Marcus
Relator term Author
245 ## - TITLE STATEMENT
Title The happy hedgehog /
Statement of responsibility, etc. Marcus Pfister ; Translated by J. Alison James
260 ## - PUBLICATION, DISTRIBUTION, ETC.
Place of publication, distribution, etc. New York :
Name of publisher, distributor, etc. North-South Books ,
Date of publication, distribution, etc. 2000
300 ## - PHYSICAL DESCRIPTION
Extent 26 unnumbered pages :
Other physical details color illustrations ;
Dimensions 30 cm
505 ## - FORMATTED CONTENTS NOTE
Formatted contents note N<br/>
520 ## - SUMMARY, ETC.
Summary, etc. Mikko the hedgehog is perfectly content living in his garden until Grandfather Tarek suggests that he should accomplish something important in order to be happy like the other animals.
521 8# - TARGET AUDIENCE NOTE
Target audience note 570<br/>
Source Lexile AD<br/>
521 8# - TARGET AUDIENCE NOTE
Target audience note N<br/>
Source Raz-Plus<br/>
650 ## - SUBJECT ADDED ENTRY--TOPICAL TERM
Topical term or geographic name entry element Children's literature
Form subdivision Happiness
650 ## - SUBJECT ADDED ENTRY--TOPICAL TERM
Topical term or geographic name entry element Animal stories
Form subdivision Emotion
942 ## - ADDED ENTRY ELEMENTS (KOHA)
Source of classification or shelving scheme Dewey Decimal Classification
Koha item type Books
Suppress in OPAC No
Holdings
Withdrawn status Lost status Source of classification or shelving scheme Damaged status Not for loan Collection Home library Current library Shelving location Date acquired Total Checkouts Full call number Barcode Date last seen Copy number Price effective from Koha item type
    Dewey Decimal Classification     Juvenile Fiction Footprints International School Library Network Toul Tom Poung Campus Footprints International School Library Network Toul Tom Poung Campus TTP Primary Yellow Bookshelves 12/11/2025   PFI 833.914 PZ73 .P4919 FIS01736 12/11/2025 1 12/11/2025 Books